Statistics for The USA Quiz - E

Click here to take the quiz!

General Stats

  • This quiz has been taken 407 times
    (368 since last reset)
  • The average score is 13 of 20

Answer Stats

Answer% Correct
The most common language in the USEnglish
95%
34th PresidentDwight D. {Eisenhower}
93%
Once the tallest building in NYCEmpire State Building
90%
New York City immigration islandEllis Island
84%
Moving stairsEscalator
84%
Dairy based Christmas alcoholic drinkEggnog
83%
NFLPhiladelphia {Eagles}
82%
Online auctioneereBay
81%
Florida wetlandsEverglades
81%
Made the lightbulb commerically pracitalThomas Edison
80%
TV Awards ceremonyEmmys
75%
Female pilot who disappeared over the PacificAmelia Earhart
74%
From Florida to MaineEastern Seaboard
73%
Slim ShadyEminem
70%
Post onlineEmail
70%
Biggest oil company in the world.Exxon Mobil
67%
Largest 'E' CitiesEl Paso
36%
The Man With No NameClint Eastwood
14%
Largest 'E' CitiesEugene
13%
Largest 'E' CitiesElk Grove
3%

Score Distribution

Percentile by Number Answered

Percent of People with Each Score

Your Score History

You have not taken this quiz since the last reset